<?xml version="1.0" encoding="UTF-8"?><?xml-stylesheet type="text/xsl" href="static/style.xsl"?><OAI-PMH xmlns="http://www.openarchives.org/OAI/2.0/" xmlns:xsi="http://www.w3.org/2001/XMLSchema-instance" xsi:schemaLocation="http://www.openarchives.org/OAI/2.0/ http://www.openarchives.org/OAI/2.0/OAI-PMH.xsd"><responseDate>2026-04-17T07:41:55Z</responseDate><request verb="GetRecord" identifier="oai:www.recercat.cat:20.500.14342/4672" metadataPrefix="marc">https://recercat.cat/oai/request</request><GetRecord><record><header><identifier>oai:recercat.cat:20.500.14342/4672</identifier><datestamp>2025-05-15T19:19:26Z</datestamp><setSpec>com_2072_482405</setSpec><setSpec>com_2072_183628</setSpec><setSpec>col_2072_482409</setSpec></header><metadata><record xmlns="http://www.loc.gov/MARC21/slim" xmlns:dcterms="http://purl.org/dc/terms/" xmlns:xsi="http://www.w3.org/2001/XMLSchema-instance" xmlns:doc="http://www.lyncode.com/xoai" xsi:schemaLocation="http://www.loc.gov/MARC21/slim http://www.loc.gov/standards/marcxml/schema/MARC21slim.xsd">
   <leader>00925njm 22002777a 4500</leader>
   <datafield ind2=" " ind1=" " tag="042">
      <subfield code="a">dc</subfield>
   </datafield>
   <datafield ind2=" " ind1=" " tag="720">
      <subfield code="a">Bechan Vergara, Ilan</subfield>
      <subfield code="e">author</subfield>
   </datafield>
   <datafield ind2=" " ind1=" " tag="720">
      <subfield code="a">Puig-Diví, Albert</subfield>
      <subfield code="e">author</subfield>
   </datafield>
   <datafield ind2=" " ind1=" " tag="720">
      <subfield code="a">Amestoy Alonso, Beñat</subfield>
      <subfield code="e">author</subfield>
   </datafield>
   <datafield ind2=" " ind1=" " tag="720">
      <subfield code="a">Mila, Raimon</subfield>
      <subfield code="e">author</subfield>
   </datafield>
   <datafield ind2=" " ind1=" " tag="260">
      <subfield code="c">2024-07</subfield>
   </datafield>
   <datafield ind2=" " ind1=" " tag="520">
      <subfield code="a">Objective&#xd;
To systematically review the effects of low-load blood flow restriction training (LL-BFR) on healthy adult tendons.&#xd;
Design&#xd;
A systematic review with meta-analysis.&#xd;
Literature search&#xd;
Six electronic databases were searched by two researchers.&#xd;
Study selection criteria&#xd;
Clinical trials comparing the effects of LL-BFR to high-load resistance training (HL-RT) or low-load resistance training (LL-RT) in healthy adult tendons.&#xd;
Data synthesis&#xd;
Two reviewers selected the eligible clinical trials, and one reviewer exported the data. Two reviewers evaluated the study quality and risk of bias using the PEDro scale and the ROB2 scale. We performed meta-analysis where appropriate using a random-effects model. We rated the quality of evidence using GRADE.&#xd;
Results&#xd;
Six studies were eligible. We analyzed tendon cross-sectional area (CSA) and tendon stiffness as the outcomes. Across all comparisons, there was low-to moderate-quality evidence of a difference between LL-BFR and LL-RT immediately after exercise. There was high-quality evidence of no difference between LL-BFR and HL-RT in the long term.&#xd;
Conclusion&#xd;
The effects of LL-BFR on the tendons depends on the time and dose of the intervention. LL-BFR could be useful to increase the CSA of the tendons in a similar or superior way to HL-RT after 8 weeks of intervention.</subfield>
   </datafield>
   <datafield ind1="8" ind2=" " tag="024">
      <subfield code="a">http://hdl.handle.net/20.500.14342/4672</subfield>
   </datafield>
   <datafield ind1="8" ind2=" " tag="024">
      <subfield code="a">https://doi.org/10.1016/j.jbmt.2023.11.048</subfield>
   </datafield>
   <datafield tag="653" ind2=" " ind1=" ">
      <subfield code="a">Restricció del flux sanguini</subfield>
   </datafield>
   <datafield tag="653" ind2=" " ind1=" ">
      <subfield code="a">BFR</subfield>
   </datafield>
   <datafield tag="653" ind2=" " ind1=" ">
      <subfield code="a">Tendons -- Ferides i lesions</subfield>
   </datafield>
   <datafield ind2="0" ind1="0" tag="245">
      <subfield code="a">Effects of low-load blood flow restriction training in healthy adult tendons: A systematic review and meta-analysis</subfield>
   </datafield>
</record></metadata></record></GetRecord></OAI-PMH>